000
00419nam a2200133Ia 4500
008
100328s9999 xx 000 0 und d
082
_b
22821
100
_a
सहस्त्रबुदे नलिनी
245
_a
राणी दुर्गावती
260
_b
संजय
630
_a
राणी दुर्गावती
730
_a
राणी दुर्गावती
942
_c
BOOK
999
_c
516647
_d
516644